000
00314nam a22001457a 4500
008
221114b ||||| |||| 00| 0 eng d
020
_a
0465051022
041
_a
eng
080
_a
575
082
_a
575 SHE
100
_a
13
101
_a
BIO
245
_a
NEW WORLDS IN CHEMISTRY
_c
SHERWOOD M
942
_2
udc
_c
BK
999
_c
58891
_d
58891